Desconstrucción y pragmatismo
Zapisane w:
| Główni autorzy: | , , , |
|---|---|
| Format: | Książka |
| Język: | hiszpański |
| Wydane: |
Buenos Aires
Paidós
1998
|
| Seria: | Espacios del Saber, 4
|
| Hasła przedmiotowe: | |
| Etykiety: |
Dodaj etykietę
Nie ma etykietki, Dołącz pierwszą etykiete!
|
MARC
| LEADER | 00000nam a2200000 a 4500 | ||
|---|---|---|---|
| 001 | UCM3842 | ||
| 003 | CL-VaPUC | ||
| 008 | 020719e19980000AG |||||||||||||||||spa|d | ||
| 020 | |a 9501265048 | ||
| 082 | 0 | 4 | |a 149 |b CRI |2 21 |
| 100 | |a Critchley, Simon |e autor |9 470461 | ||
| 700 | |a Derrida, Jacques |d 1930-2004 |e author |9 449254 | ||
| 700 | |a Laclau, Ernesto |e author |9 490102 | ||
| 700 | 0 | |a Rorty, Richard |e author |9 455762 | |
| 245 | 1 | 0 | |a Desconstrucción y pragmatismo |
| 300 | |a 170 p | ||
| 942 | |c BK | ||
| 945 | |d 20020719 00:00:00 |a cmena | ||
| 260 | |a Buenos Aires |b Paidós |c 1998 | ||
| 650 | 7 | |a DESCONSTRUCCION |2 CL-VaPUC |9 470463 | |
| 650 | 0 | |a Pragmatismo |9 316729 | |
| 650 | 0 | |a Escuelas filosóficas |9 266232 | |
| 650 | 0 | |a Democracia |9 255256 | |
| 650 | 7 | |a FILOSOFIA POLITICA |2 CL-VaPUC |9 470464 | |
| 583 | |a last modification |c 20020719 00:00:00 |k Rodrigo Vera | ||
| 490 | 0 | |a Espacios del Saber, 4 | |
| 999 | |c 300906 |d 300904 | ||
| 952 | |0 0 |1 0 |4 0 |6 149_000000000000000_CRI_1998 |7 0 |8 A |9 359299 |a BIBEDU |b BIBEDU |d 2019-11-21 |i 4747860 |o 149 CRI 1998 |p 4747860 |r 2019-11-21 |w 2019-11-21 |y BK |k FIL | ||